<?xml version="1.0" encoding="UTF-8"?>
<record
    xmlns:xsi="http://www.w3.org/2001/XMLSchema-instance"
    xsi:schemaLocation="http://www.loc.gov/MARC21/slim http://www.loc.gov/standards/marcxml/schema/MARC21slim.xsd"
    xmlns="http://www.loc.gov/MARC21/slim">

  <leader>01432nam a22002897a 4500</leader>
  <controlfield tag="001">5384</controlfield>
  <controlfield tag="003">FISKH</controlfield>
  <controlfield tag="005">20241129151333.0</controlfield>
  <controlfield tag="008">241129b        cb ||||| |||| 00| 0 eng d</controlfield>
  <datafield tag="020" ind1=" " ind2=" ">
    <subfield code="a">9780531212387</subfield>
  </datafield>
  <datafield tag="040" ind1=" " ind2=" ">
    <subfield code="a">FISKH</subfield>
    <subfield code="b">eng</subfield>
    <subfield code="c">FISKH</subfield>
    <subfield code="d">FISKH</subfield>
  </datafield>
  <datafield tag="050" ind1=" " ind2=" ">
    <subfield code="a">HE6375.P476</subfield>
  </datafield>
  <datafield tag="082" ind1=" " ind2=" ">
    <subfield code="a">266.279</subfield>
  </datafield>
  <datafield tag="100" ind1=" " ind2=" ">
    <subfield code="a">Perritano, John</subfield>
  </datafield>
  <datafield tag="245" ind1=" " ind2=" ">
    <subfield code="a">Spanish Missions /</subfield>
    <subfield code="c">by John Perritano</subfield>
  </datafield>
  <datafield tag="260" ind1=" " ind2=" ">
    <subfield code="a">New York : </subfield>
    <subfield code="b">Children's Press ;</subfield>
    <subfield code="c">2010 .</subfield>
  </datafield>
  <datafield tag="300" ind1=" " ind2=" ">
    <subfield code="a">48 pages : </subfield>
    <subfield code="b">color illustrations ; </subfield>
    <subfield code="c">22 cm . </subfield>
  </datafield>
  <datafield tag="490" ind1=" " ind2=" ">
    <subfield code="a">A True Book </subfield>
  </datafield>
  <datafield tag="505" ind1=" " ind2=" ">
    <subfield code="a">Z 
</subfield>
  </datafield>
  <datafield tag="520" ind1=" " ind2=" ">
    <subfield code="a">Beginning with a pithy account that delves into the conquer-and-cash-in strategy of Spanish exploration, it then nicely outlines what missions are (essentially small villages), who built them (priests and soldiers), and why they were built (to convert the natives and control the land). With an evenhanded tone, Perritano also touches on important Spanish priests (both admirable and despicable), Native revolts, and various missions in what is now Mexico and the southwestern U.S. The colorful, amply illustrated design makes for an accessible read - review by Ian Chipman, Booklist. Ages 8-12.</subfield>
  </datafield>
  <datafield tag="521" ind1="8" ind2=" ">
    <subfield code="a">950 
</subfield>
    <subfield code="b">Lexile 
</subfield>
  </datafield>
  <datafield tag="521" ind1="8" ind2=" ">
    <subfield code="a">Z 
</subfield>
    <subfield code="b">Raz-Plus 
</subfield>
  </datafield>
  <datafield tag="650" ind1=" " ind2=" ">
    <subfield code="a">Mission, Spanish- Southwest, New- History </subfield>
    <subfield code="v">Juvenile literature </subfield>
  </datafield>
  <datafield tag="650" ind1=" " ind2=" ">
    <subfield code="a">Spaniards- Southwest , New- History</subfield>
    <subfield code="v">Juvenile literature </subfield>
  </datafield>
  <datafield tag="942" ind1=" " ind2=" ">
    <subfield code="2">ddc</subfield>
    <subfield code="c">BK</subfield>
    <subfield code="n">0</subfield>
  </datafield>
  <datafield tag="999" ind1=" " ind2=" ">
    <subfield code="c">5384</subfield>
    <subfield code="d">5384</subfield>
  </datafield>
  <datafield tag="952" ind1=" " ind2=" ">
    <subfield code="0">0</subfield>
    <subfield code="1">0</subfield>
    <subfield code="2">ddc</subfield>
    <subfield code="4">0</subfield>
    <subfield code="7">0</subfield>
    <subfield code="8">NFIC</subfield>
    <subfield code="a">002</subfield>
    <subfield code="b">002</subfield>
    <subfield code="c">SNS</subfield>
    <subfield code="d">2024-11-29</subfield>
    <subfield code="l">0</subfield>
    <subfield code="o">PER 266.279 HE6375.P476</subfield>
    <subfield code="p">FISSE00807</subfield>
    <subfield code="r">2024-11-29 15:13:29</subfield>
    <subfield code="t">1</subfield>
    <subfield code="w">2024-11-29</subfield>
    <subfield code="y">BK</subfield>
  </datafield>
  <datafield tag="952" ind1=" " ind2=" ">
    <subfield code="0">0</subfield>
    <subfield code="1">0</subfield>
    <subfield code="2">ddc</subfield>
    <subfield code="4">0</subfield>
    <subfield code="7">0</subfield>
    <subfield code="8">NFIC</subfield>
    <subfield code="a">002</subfield>
    <subfield code="b">002</subfield>
    <subfield code="c">SNS</subfield>
    <subfield code="d">2025-06-16</subfield>
    <subfield code="l">0</subfield>
    <subfield code="o">PER 266.279 HE6375.P476</subfield>
    <subfield code="p">2025-1647</subfield>
    <subfield code="r">2025-06-16 14:29:56</subfield>
    <subfield code="t">2</subfield>
    <subfield code="w">2025-06-16</subfield>
    <subfield code="y">BK</subfield>
  </datafield>
</record>
